00223nam a2200097Ia 4500008004100000100002200041245002100063250000800084260002500092300000800117191201s2013 xx 000 0 und d aGodbole, Achyut S 0aOperating System aRep c2013bTMHaNEW DELHI a665